|
|
|
|
| LEADER |
00000nas a2200000 a 4500 |
| 001 |
ssj0000858311 |
| 003 |
WaSeSS |
| 005 |
20200512172242.0 |
| 006 |
m d |
| 007 |
cr n |
| 008 |
130318c||||9999tu a| p|s|||||| |0tur d |
| 035 |
|
|
|a (WaSeSS)ssj0000858311
|
| 040 |
|
|
|a WaSeSS
|c WaSeSS
|d WaSeSS
|
| 043 |
|
|
|a a-tu---
|
| 050 |
|
4 |
|a PF3003
|
| 245 |
0 |
0 |
|a Alman Dili ve Edebiyati Dergisi
|h [electronic resource].
|
| 260 |
|
|
|a Istanbul, Turkey :
|b Istanbul Universitesi/Istanbul University, Iktisat Fakültesi Binasi/Faculty of Economics
|
| 310 |
|
|
|a Annual
|
| 506 |
|
|
|a License restrictions may limit access.
|
| 588 |
|
|
|a Description based on: 2012; title from title screen (ProQuest, viewed March 14, 2013).
|
| 588 |
|
|
|a Latest issue consulted: 2012 (viewed March 14, 2013).
|
| 650 |
|
0 |
|a German philology
|v Periodicals.
|
| 650 |
|
0 |
|a German language
|z Turkey
|v Periodicals.
|
| 650 |
|
0 |
|a German literature
|v Periodicals.
|
| 655 |
|
0 |
|a Electronic journals.
|
| 776 |
0 |
8 |
|i Print version:
|t Alman Dili ve Edebiyati Dergisi
|x 1303-9407
|
| 856 |
4 |
0 |
|z Full text available from Research Library: 01/01/2012 to 01/31/2017
|u https://search.proquest.com/publication/1796366
|